Nowhere to Ryan (Record no. 80100)

MARC details
000 -LEADER
fixed length control field 01268cab a22002055a 4500
001 - CONTROL NUMBER
control field L143233
008 - FIXED-LENGTH DATA ELEMENTS--GENERAL INFORMATION
fixed length control field 080418e20080125xxkd f v 000 0 eng d
035 ## - SYSTEM CONTROL NUMBER
System control number (Sirsi) u143233
041 0# - LANGUAGE CODE
Language code of text/sound track or separate title eng
100 1# - MAIN ENTRY--PERSONAL NAME
Personal name Ross, Jonathan
245 00 - TITLE STATEMENT
Title Nowhere to Ryan
Remainder of title case news
260 ## - PUBLICATION, DISTRIBUTION, ETC.
Date of publication, distribution, etc. 2008
490 #0 - SERIES STATEMENT
Series statement Property Week
Volume/sequential designation 73(4) 25 January 2008, 76(1)
520 ## - SUMMARY, ETC.
Summary, etc. Commercial agreements cannot cover all eventualities, and the courts have the right to introduce terms to ensure parties honour their intended obligations. SR Technics provides maintenance services to Ryanair. To enhance the contract's profitability, the airline occupied a Dublin hangar, but without a proposed 15 year licence, on which the parties did not agree. The landlord tried to evict the airline after the landlord offered it a large sum to surrender the lease. The court granted an injunction to prevent eviction and ordered SR Technics to use its best endeavours to gain consent from the landlord for the airline to stay for 15 years, or as long as was reasonable.
590 ## - LOCAL NOTE (RLIN)
Local note KA
650 24 - SUBJECT ADDED ENTRY--TOPICAL TERM
Topical term or geographic name entry element RYANAIR V SR TECHNICS
651 #4 - SUBJECT ADDED ENTRY--GEOGRAPHIC NAME
Geographic name England and Wales
Chronological subdivision 1543-
690 ## - LOCAL SUBJECT ADDED ENTRY--TOPICAL TERM (OCLC, RLIN)
Topical term or geographic name as entry element PROPERTY-COMMERCIAL PROPERTY-LEASEHOLD COMMERCIAL PROPERTY-COMMERCIAL LANDLORD AND TENANT-COMMERCIAL LEASES
942 ## - ADDED ENTRY ELEMENTS (KOHA)
Suppress in OPAC 0
Holdings
Withdrawn status Lost status Source of classification or shelving scheme Damaged status Not for loan Home library Current library Shelving location Date acquired Total Checkouts Full call number Barcode Date last seen Copy number Price effective from Koha item type
    Dewey Decimal Classification     London London Journal article 18/04/2008   L143233 143233-1001 06/08/2019 1 06/08/2019 Journal article